| 000 | 00676nac a22002171u 4500 | ||
|---|---|---|---|
| 010 | _a 2007924001 | ||
| 020 | _a9780080467320 | ||
| 082 |
_a531 _bKYR |
||
| 090 |
_c6261 _d6261 |
||
| 100 | _aKyriakides, Stelios. | ||
| 245 | 1 | 0 |
_aMechanics of offshore pipelines : _bvolume 1 buckling and collapse / _cStelios Kyriakides, Edmundo Corona. |
| 260 |
_aBoston, MA : _bElsevier,c.2007. _cc.2007. |
||
| 300 | _ap. cm. | ||
| 500 | _aDistributer: Baccah. | ||
| 511 | _aCatalogued By: Mahitab. | ||
| 650 | _aMechanics. | ||
| 942 |
_cBB _k531KYR _hRDA-MOD |
||
| 999 |
_c6261 _d6261 |
||
| 336 |
_2rdacontent _atext _btxt |
||
| 337 |
_aunmediated _2rdamedia _bn |
||
| 338 |
_avolume _bnc _2rdacarrier |
||